Russian Federation : Selected Issues.

This Selected Issues paper for the Russian Federation reviews trends in private capital flows to Russia by decomposing the flows into its subcomponents. Russia became a net lender to the international banking system, as a complement to the prolonged period of large current account surpluses. The non...

Descrición completa

Detalles Bibliográficos
Autor Corporativo: International Monetary Fund
Formato: Revista
Idioma:English
Publicado: Washington, D.C. : International Monetary Fund, 2004.
Series:IMF Staff Country Reports; Country Report ; No. 2004/316
Acceso en liña:Full text available on IMF
LEADER 01655cas a2200241 a 4500
001 AALejournalIMF008707
008 230101c9999 xx r poo 0 0eng d
020 |c 5.00 USD 
020 |z 9781451833119 
022 |a 1934-7685 
040 |a BD-DhAAL  |c BD-DhAAL 
110 2 |a International Monetary Fund. 
245 1 0 |a Russian Federation :   |b Selected Issues. 
264 1 |a Washington, D.C. :  |b International Monetary Fund,  |c 2004. 
300 |a 1 online resource (91 pages) 
490 1 |a IMF Staff Country Reports 
500 |a <strong>Off-Campus Access:</strong> No User ID or Password Required 
500 |a <strong>On-Campus Access:</strong> No User ID or Password Required 
506 |a Electronic access restricted to authorized BRAC University faculty, staff and students 
520 3 |a This Selected Issues paper for the Russian Federation reviews trends in private capital flows to Russia by decomposing the flows into its subcomponents. Russia became a net lender to the international banking system, as a complement to the prolonged period of large current account surpluses. The nonbank corporate sector in Russia began to have better access to both bank and nonbank sources of external finance, with improving investor perceptions and a favorable external environment. The relatively lackluster performance of equity issuances and foreign direct investment has been an outcome of both global and local factors. 
538 |a Mode of access: Internet 
830 0 |a IMF Staff Country Reports; Country Report ;  |v No. 2004/316 
856 4 0 |z Full text available on IMF  |u http://elibrary.imf.org/view/journals/002/2004/316/002.2004.issue-316-en.xml  |z IMF e-Library